Las tres negaciones de Yahvé. Religión y politica en el antiguo Israel
Guardat en:
| Autor principal: | |
|---|---|
| Format: | Llibre |
| Idioma: | espanyol |
| Publicat: |
Madrid
Abada
2007
|
| Col·lecció: | Lecturas Serie Historia de la religión
|
| Matèries: | |
| Etiquetes: |
Afegir etiqueta
Sense etiquetes, Sigues el primer a etiquetar aquest registre!
|
MARC
| LEADER | 00000nam a2200000 a 4500 | ||
|---|---|---|---|
| 001 | UCI5653 | ||
| 003 | CL-VaPUC | ||
| 008 | 080404e20070000SP |||||||||||||||||spa|d | ||
| 020 | |a 9788496258983 | ||
| 082 | 0 | 4 | |a 296.09 |b DAR |2 21 |
| 100 | 0 | |a Daraki, María |e author |9 528198 | |
| 245 | 1 | 4 | |a Las tres negaciones de Yahvé. Religión y politica en el antiguo Israel |
| 300 | |a 268 p | ||
| 942 | |c BK | ||
| 945 | |d 20080404 00:00:00 |a rbrito | ||
| 260 | |a Madrid |b Abada |c 2007 | ||
| 650 | 0 | |a Judaísmo |9 269348 | |
| 650 | 0 | |a Religión y política |9 399284 | |
| 650 | 0 | |a Historia de la religión |9 313185 | |
| 650 | 0 | |a Judíos |9 313771 | |
| 650 | 0 | |a Historia antigua |9 267521 | |
| 650 | 7 | |a HISTORIA DE ISRAEL |2 CL-VaPUC |9 438902 | |
| 651 | 0 | |a Israel |9 314378 | |
| 583 | |a last modification |c 20080404 00:00:00 |k Rodrigo Vera | ||
| 490 | 0 | |a Lecturas Serie Historia de la religión | |
| 999 | |c 329379 |d 329377 | ||
| 952 | |0 0 |1 0 |4 0 |6 296_090000000000000_DAR_2007 |7 0 |8 A |9 413974 |a BIBHIS |b BIBHIS |d 2019-11-22 |i 4423445 |o 296.09 DAR 2007 |p 4423445 |r 2025-01-20 |w 2019-11-22 |y BK |k HIS | ||